Manažérske účtovníctvo
Top manažment zodpovedá za marketing a cenovú politiku. Vzťah dopytovej (trhovej) a ponukovej (nákladovej) ceny. Kritériá "správnej" ceny. Diferenciácia cien. V praxi je potrebné zabrániť, aspoň v princípe, diskriminácii cien. Prístupy ku kvantifikácii hospodárskeho výsledku. Príklady.
Saved in:
| Main Author: | |
|---|---|
| Format: | Book Chapter |
| Language: | Slovak |
| Subjects: | |
| Tags: |
No Tags, Be the first to tag this record!
|
MARC
| LEADER | 00000naa a2200000 4500 | ||
|---|---|---|---|
| 001 | r040100 | ||
| 005 | 20231002072949.7 | ||
| 041 | 0 | |a slo | |
| 044 | |a SK | ||
| 245 | 1 | 0 | |a Manažérske účtovníctvo |c Jana Fibirová |
| 520 | |a Top manažment zodpovedá za marketing a cenovú politiku. Vzťah dopytovej (trhovej) a ponukovej (nákladovej) ceny. Kritériá "správnej" ceny. Diferenciácia cien. V praxi je potrebné zabrániť, aspoň v princípe, diskriminácii cien. Prístupy ku kvantifikácii hospodárskeho výsledku. Príklady. | ||
| 610 | 2 | 0 | |a ceny |
| 610 | 2 | 0 | |a rozhodovanie |
| 610 | 2 | 0 | |a politika cenová |
| 610 | 2 | 0 | |a účtovníctvo manažérske |
| 610 | 2 | 0 | |a ceny ponukové |
| 610 | 2 | 0 | |a ceny trhové |
| 610 | 2 | 0 | |a riadenie vrcholové |
| 610 | 2 | 0 | |a výsledok hospodársky |
| 610 | 2 | 0 | |a kvantifikácia |
| 100 | 1 | |a Fibírová, Jana | |